Kézai Simon mester krónikája.-- (Record no. 15423)

MARC details
000 -LEADER
fixed length control field 00761cam a22002291 4500
001 - CONTROL NUMBER
control field ca 18001293
003 - CONTROL NUMBER IDENTIFIER
control field DLC
005 - DATE AND TIME OF LATEST TRANSACTION
control field 20260227111107.0
008 - FIXED-LENGTH DATA ELEMENTS--GENERAL INFORMATION
fixed length control field 871130s1906 hu 000 0 hun
010 ## - LIBRARY OF CONGRESS CONTROL NUMBER
LC control number ca 18001293
035 ## - SYSTEM CONTROL NUMBER
System control number (OCoLC)17151516
040 ## - CATALOGING SOURCE
Original cataloging agency DLC
Transcribing agency WaU
Modifying agency WaU
-- DLC
042 ## - AUTHENTICATION CODE
Authentication code premarc
043 ## - GEOGRAPHIC AREA CODE
Geographic area code e-hu---
050 00 - LIBRARY OF CONGRESS CALL NUMBER
Classification number DB929.A3
Item number K5
100 1# - MAIN ENTRY--PERSONAL NAME
Personal name Domanovszky, Sándor,
Dates associated with a name 1877-1950.
245 10 - TITLE STATEMENT
Title Kézai Simon mester krónikája.--
Remainder of title Forrástanulmány.--
Statement of responsibility, etc. Irta dr Domanovszky Sándor. A Flór Gyula emlékére tett alapítványból kiadja a Magyar tudományos akadémia.
260 ## - PUBLICATION, DISTRIBUTION, ETC.
Place of publication, distribution, etc. Budapest,
Name of publisher, distributor, etc. Magyar tudományos akadémia,
Date of publication, distribution, etc. 1906.
300 ## - PHYSICAL DESCRIPTION
Extent 180 p.
Dimensions 24 cm.
600 10 - SUBJECT ADDED ENTRY--PERSONAL NAME
Personal name Kéza, Simon de.
651 #0 - SUBJECT ADDED ENTRY--GEOGRAPHIC NAME
Geographic name Hungary
General subdivision History
Form subdivision Sources.

No items available.

Powered by Koha